• 首页
  • 本馆介绍
  • 公告通知
  • 最新文献
  • 馆藏检索
  • 电子资源
  • 读者导购
  • 参考咨询
  • 我的图书馆
  • 登录
  • 详细信息显示
  • 放入我的书架
  • 预约/预借图书
  • 作者相关作品
  • 分类相关作品
  • 丛书相关作品
  • 出版社相关作品

书目信息

  • 表格格式
  • 工作单格式
  • 卡片格式
题名:
索引的概念与方法
    
 
作者: 博科 , Borko , 贝尼埃 , Bernier 著 ;王津生 译
分册:  
出版信息: 北京   书目文献出版社  1984
页数: 309页
开本: 19cm
丛书名:
单 册:
中图分类: G257.2
科图分类:
主题词: 索引方法 , 图书馆学 , 图书馆事业
电子资源:
ISBN:
000 00976nam0 2200337 45
001 0184004591
005 20040424153323.2
010    @dCNY1.25
091    @a7201.57
100    @a19950531d1984 em y0chiy0121 ea
101 1  @achi@ceng
102    @aCN@b110000
105    @ay c 000yy
106    @ar
200 10 @a索引的概念与方法@Asuo yin de gai nian yu fang fa@f(美)博科(H.Borko),贝尼埃(C.L.Bernier)著@g王知津译
210    @a北京@c书目文献出版社@d1984
215    @a309页@d19cm
300    @a书名原文:Indexing Concepts and Methods
510 1  @aIndexing Concepts and Methods@zeng
606    @a索引方法
606 0  @a图书馆学
606 0  @a图书馆事业
690    @aG257.2
701  1 @a博科@Abo ke@bH.@4著
701 A1 @aBorko@bH.@4著
701  1 @a贝尼埃@Abei ni ai@bC.L.@4著
701 A1 @aBernier@bC.L.@4著
702  0 @a王津生@Awang jin sheng@4译
801  0 @aCN@b上海图书馆@c20040424
801  2 @aCN@bNLC@c20040424
905    @f6@b137223-228@dG257.2@e12
    
    索引的概念与方法/(美)博科(H.Borko),贝尼埃(C.L.Bernier)著/王知津译.-北京:书目文献出版社,1984
    309页;19cm
    书名原文:Indexing Concepts and Methods
    
    ISBN :CNY1.25
    
●
相关链接 在E读中查询图书 在五车中查询图书 在当当中查询图书 在豆瓣中查询图书


正题名:索引的概念与方法     索取号:G257.2/12         预约/预借

序号 登录号 条形码 馆藏地/架位号 状态 备注
1 0137223   000498018   第四借阅区/ [索取号:G257.2/12] 在馆    
2 0137224   000214333   密集书库/ [索取号:G257.2/12] 在馆    
3 0137225   000498009   密集书库/ [索取号:G257.2/12] 在馆    
4 0137226   000497992   密集书库/ [索取号:G257.2/12] 在馆    
5 0137227   000214306   密集书库/ [索取号:G257.2/12] 在馆    
6 0137228   000214379   密集书库/ [索取号:G257.2/12] 在馆    
唐山师范学院图书馆 欢迎您!
大连网信软件有限公司© 版权所有